| 000 | 00755nam a2200205 a 4500 | ||
|---|---|---|---|
| 001 | 000227226 | ||
| 003 | AM-YeHGA | ||
| 005 | 20250618071540.0 | ||
| 008 | 030521s1942 ai |||||r|||||000|1|arm|d | ||
| 040 | _aAM-YeHGA | ||
| 041 | 0 | _aarm | |
| 100 | 1 |
_aԹարգյուլ, Լյուսի, _d1905-1955 _91142 |
|
| 245 | 1 | 0 |
_aԻսկական պատերազմը : _b[Պատմվածք] / _cԼ. Թարգյուլ ; Նկ.՝ Հ. Ստեփանյան. |
| 260 |
_aԵրևան : _bՀայպետհրատ, _c1942. |
||
| 300 |
_a20 էջ : _bնկ. ; _c14 սմ. |
||
| 650 | 1 | 4 |
_aՀայ մանկական գրականություն _xՊատմվածք |
| 700 | 1 |
_aՍտեփանյան, Հրանտ Հարությունի, _d1918-1980 _eնկ. _4art _99397 |
|
| 942 |
_2udc _cBK |
||
| 090 | _c81176 | ||
| 999 |
_c79909 _d79909 |
||